| 000 | 00591nam a22001817a 4500 | ||
|---|---|---|---|
| 003 | OSt | ||
| 005 | 20240703085148.0 | ||
| 008 | 240703b |||||||| |||| 00| 0 eng d | ||
| 020 | _a978-621-416-072-3 | ||
| 040 |
_aDWC- Main Lib _cOC |
||
| 082 | _aFil. 336.24 R456s 2019 | ||
| 100 | _aReyes , Virgilio D. | ||
| 245 |
_aA study on income tax law and accounting: _bunder the train law/ _cVirgilio D. Reyes. |
||
| 250 | _a2019 edition | ||
| 260 |
_aManila, Philippines: _bGIC Enterprises & CO., Inc. _cc2019. |
||
| 300 |
_ax , various pages : _billustrations ; _c23cm. |
||
| 942 |
_2ddc _cBK - FIL _n1 |
||
| 999 |
_c1907 _d1907 |
||